000 00934nam a22002417a 4500
005 20240530110909.0
008 220214s2005 ua g 000 0 ara d
017 _bمصر. دار الكتب
_a2007/3217
040 _aEG-CaGPL
_cEG-CaGPL
082 0 4 _221
_a327.5606 /
_bم ع
110 0 _aمركز دراسات الوحدة العربية
245 1 0 _aالعرب والدائرة الافريقية /
_cمركز دراسات الوحدة العربية
250 _aط. 1
260 _aبيروت :
_bمركز دراسات الوحدة العربية،
_c2005
300 _a272 ؛
_c24 سم
490 _aكتب المستقبل العربى
_v( 45 )
650 0 7 _2qrmak
_aالعلاقات العربية الافريقية
650 0 7 _2qrmak
_aافريقيا
650 0 7 _2qrmak
_aالدول العربية
651 _2qrmak
_aاسرائيل
942 _2ddc
_cBK
999 _c66276
_d66276